Racionalizácia na úseku dane z obratu záverečná práca postgraduálneho štúdia

Salvato in:
Dettagli Bibliografici
Autore principale: Kička, Jozef
Ente Autore: Vysoká škola ekonomická v Bratislave
Altri autori: Lisý, Ambróz
Natura: Libro
Lingua:slovacco
Pubblicazione: Bratislava 1989
Tags: Aggiungi Tag
Nessun Tag, puoi essere il primo ad aggiungerne!!

MARC

LEADER 00000nam a2200000 4500
001 c039983
005 20221215071335.6
041 0 |a slo 
044 |a SK 
245 1 0 |a Racionalizácia na úseku dane z obratu  |b záverečná práca postgraduálneho štúdia  |c Jozef Kička ; Ved. práce Ambróz Lisý 
264 1 |a Bratislava  |c 1989 
300 |a 56 s. 
100 1 |a Kička, Jozef 
700 1 |a Lisý, Ambróz 
710 2 |a Vysoká škola ekonomická v Bratislave